000 00249nam a2200097Ia 4500
001 681181
005 20250826161355.0
008 250824s9999 xx 000 0 und d
245 0 _aDÜNYA ÇOCUKLARIN OLSA
_cGÜLTEN DAYIOĞLU
260 _bALTIN KİTAPLAR
999 _c681181
_d681181